| 000 | 00920nam0a2200265 4500 | ||
|---|---|---|---|
| 001 | RU\NLR\ONL1\13483 | ||
| 005 | 20250613121718.0 | ||
| 035 | _a(NLR Aleph) 009642227 | ||
| 090 |
_a9550888 _c9550888 |
||
| 100 | _a20081216d1931 |||y0rusy50 ca | ||
| 101 | 0 | _amyv | |
| 102 | _aRU | ||
| 105 | _ay ||||||||| | ||
| 200 | 1 |
_aОсоавиахим ячейкань кувалма положения (временной) _fпер. Ф. Буртаева |
|
| 210 |
_aСамара _cЦентриздат _d1931 |
||
| 215 |
_a26,[2] с. _d18 |
||
| 541 | 1 |
_aПоложение о ячейке Осоавиахима (временное) _zrus |
|
| 601 | 0 | 2 |
_aОсоавиахим СССР _91277837 _3RU\NLR\AUTH\66208848 |
| 686 | 1 | _aЦ4,6(2)93 | |
| 801 | 0 |
_aRU _bNLR _c20081216 _gPSBO |
|
| 852 |
_aNLR _bОНЛ _jМорд.э./2-1122 |
||
| 942 | _cBOOK | ||
| 980 | _aNB | ||